• 首页
  • 本馆介绍
  • 公告通知
  • 最新文献
  • 馆藏检索
  • 电子资源
  • 读者荐购
  • 参考咨询
  • CALIS
  • 我的图书馆
  • 登录
  • 详细信息显示
  • 放入我的书架
  • 预约/预借图书
  • 作者相关作品
  • 分类相关作品
  • 丛书相关作品
  • 出版社相关作品

书目信息

  • 表格格式
  • 工作单格式
  • 卡片格式
题名:
3DS MAX别墅室内外效果图创作技能特训
    
 
作者: 高志清 主编 ;科大工作室 编著
分册:  
出版信息: 北京   中国水利水电出版社  2003.09
页数: 350页
开本: 26cm
丛书名: 电脑设计技能特训丛书
单 册:
中图分类: TU201.4
科图分类:
主题词: 建筑设计--jian zhu she ji--动画--计算机辅助设计--图形软件
电子资源:
ISBN: 7-5084-1677-5
 
 
 
 
 
000 01294nam 2200301 450
001 CAL 012003171363
005 20091125102356.95
010    @a7-5084-1677-5@dCNY 38.00
010    @a7-89996-318-4
099    @aCAL 012003171363
100    @a20031119d2003 em y0chiy0121 ea
101 0  @achi
105    @aa z 000yy
200 1  @a3DS MAX别墅室内外效果图创作技能特训@A3ds Max Bie Shu Shi Nei Wai Xiao Guo Tu Chuang Zuo Ji Neng Te Xun@f高志清主编@g科大工作室编著
210    @a北京@c中国水利水电出版社@d2003.09
215    @a350页@c图@d26cm@e光盘1片
225 2  @a电脑设计技能特训丛书@ADian Nao She Ji Ji Neng Te Xun Cong Shu
330    @a本书以3DS MAX 5为基础,以别墅室内外效果图为例,系统地讲述了使用3DS MAX制作别墅室内外效果图的基本命令和技法,对每个范例的制作下了很大功夫,使本书讲述的每个步骤都达到最优化。书中从实际工作中的应用范例入手,将3DS MAX中的命令与别墅室内设计的操作技巧、创意理念有机地融为一体。
410  0 @12001 @a电脑设计技能特训丛书
606 0  @a建筑设计@Ajian zhu she ji@x动画@x计算机辅助设计@x图形软件
610 0  @a3DS MAX
690    @aTU201.4@v4
701  0 @a高志清@AGao Zhi Qing@4主编
712 02 @a科大工作室@AKe Da Gong Zuo Shi@4编著
801  0 @aCN@bCCNU@c20091125
905    @a10447@dTU201.4@eG2120
906    @dCNY38.00 (含光盘@n0@r1
998    @aCCNU
    
    3DS MAX别墅室内外效果图创作技能特训/高志清主编/科大工作室编著.-北京:中国水利水电出版社,2003.09
    350页:图;26cm+光盘1片.-(电脑设计技能特训丛书)
    
    
    ISBN 7-5084-1677-5:CNY 38.00
    本书以3DS MAX 5为基础,以别墅室内外效果图为例,系统地讲述了使用3DS MAX制作别墅室内外效果图的基本命令和技法,对每个范例的制作下了很大功夫,使本书讲述的每个步骤都达到最优化。书中从实际工作中的应用范例入手,将3DS MAX中的命令与别墅室内设计的操作技巧、创意理念有机地融为一体。
●
相关链接 在E读中查询图书 在当当中查询图书 在豆瓣中查询图书


正题名:3DS MAX别墅室内外效果图创作技能特训     索取号:TU201.4/G2120         预约/预借

序号 登录号 条形码 馆藏地/架位号 状态 备注
1 550291   205502918   建筑库101/101建筑库 33排4列1层/ [索取号:TU201.4/G2120] 在馆    
2 550292   205502927   建筑库101/101建筑库 33排3列5层/ [索取号:TU201.4/G2120] 在馆    
3 550293   205502936   建筑库101/101建筑库 33排3列5层/ [索取号:TU201.4/G2120] 在馆    
河南城建学院图书馆 欢迎您!
大连网信软件有限公司© 版权所有